Emile ou de l'éducation / (Record no. 164021)

MARC details
000 -LEADER
campo de control de longitud fija 00574nam a2200169 i 4500
001 - NÚMERO DE CONTROL
campo de control 164021
003 - IDENTIFICADOR DE NÚMERO DE CONTROL
campo de control ES-MaACL
005 - FECHA Y HORA DE LA ÚLTIMA TRANSACCIÓN
campo de control 20230906212846.0
008 - DATOS DE LONGITUD FIJA--INFORMACIÓN GENERAL
campo de control de longitud fija 050816s1865 fr |||| | fre d
100 1# - ENTRADA PRINCIPAL--NOMBRE DE PERSONA
Nombre de persona Rousseau, Jean-Jacques.
9 (RLIN) 100055
245 10 - MENCIÓN DEL TÍTULO
Título Emile ou de l'éducation /
Mención de responsabilidad, etc. par J.-J. Rousseau.
260 ## - PUBLICACIÓN, DISTRIBUCIÓN, ETC.
Lugar de publicación, distribución, etc. Parisa :
Nombre del editor, distribuidor, etc. Bureaux de la Publication,
Fecha de publicación, distribución, etc. 1865 (
Fabricante Imp. de Dubuisson et Cie.)
300 ## - DESCRIPCIÓN FÍSICA
Extensión 1 v. ;
Dimensiones 14 cm.
597 ## - NOTA DE DESCRIPCIÓN FÍSICA
NOTA DE DESCRIPCIÓN FÍSICA T. III: 256 p.
650 04 - PUNTO DE ACCESO ADICIONAL DE MATERIA--TÉRMINO DE MATERIA
Término de materia o nombre geográfico como elemento de entrada Educación-
Subdivisión de forma Obras anteriores a 1800.
9 (RLIN) 12084
852 ## - LOCALIZACIÓN
Ubicación ES-MaACL
Número de control de estantería D-4028
Nota libre - Enc. tela
condición física - Sólo el t. III
Holdings
Estatus retirado Estado de pérdida Estado de daño No para préstamo Colección Biblioteca de origen Biblioteca actual Ubicación en estantería Fecha de adquisición Fuente de adquisición Total de préstamos Signatura topográfica completa Código de barras Visto por última vez Precio de reemplazo Tipo de ítem Koha
        Libros del s. XIX Biblioteca del Ateneo de Madrid Biblioteca del Ateneo de Madrid Sala Valle Inclán 17/01/2008     D-4028 901171904 23/02/2023 23/02/2023 Libro impreso antiguo